000 00652nam a22001817a 4500
003 UA-OsUOA
001 14770
007 ta
008 20031019b un ||||| |||| 00| 0 ukr d
100 _aЯрошевич В.
942 _cSA
040 _aUA-OsUOA
_cUA-OsUOA
_dUA-OsUOA
245 _aБуде Рух-буде Україна!
_b[Рівнен. обл. орг. НРУ провела прес-конф. з нагоди 14-ї річниці Установчого з'їзду НРУ]
300 _aС.3
955 _a0
773 0 _w0
_tНова Волинь
_dРівне
_d2003
_g№38/11 верес./
650 7 _aКраєзнавча робота
_2UDC
999 _c300934
_d300934